WOMEN ENTREPRENEURS AND THE MYTH OF UNDE (Record no. 31287)

MARC details
000 -LEADER
fixed length control field 00364nam a2200133Ia 4500
008 - FIXED-LENGTH DATA ELEMENTS--GENERAL INFORMATION
fixed length control field 240624s9999 xx 000 0 und d
041 ## - LANGUAGE CODE
Language code of text/sound track or separate title eng
082 ## - DEWEY DECIMAL CLASSIFICATION NUMBER
Classification number 338.04082 YOU
100 ## - MAIN ENTRY--PERSONAL NAME
Personal name YOUSAFZAI SHUMAILA
245 ## - TITLE STATEMENT
Title WOMEN ENTREPRENEURS AND THE MYTH OF UNDE
260 ## - PUBLICATION, DISTRIBUTION, ETC.
Date of publication, distribution, etc. 2018
Place of publication, distribution, etc. United Kingdom
Name of publisher, distributor, etc. Edward Elgar
300 ## - PHYSICAL DESCRIPTION
Extent xxvii, 256 p.; 23 cm.
365 ## - TRADE PRICE
Currency code BPS
Price amount 30
Holdings
Withdrawn status Lost status Damaged status Not for loan Home library Current library Shelving location Date acquired Full call number Barcode Date last seen Copy number Price effective from Koha item type
        IMTN IMTN Rack 11-B 09/06/2018 338.04082 YOU 31287 06/24/2024 94.4 06/24/2024 Books
Designed & Maintained by: LRC IMT Nagpur Contact: lrc@imtnag.ac.in© 2024. All Rights Reserved.